000 00514nam a2200145Ia 4500
003 OSt
005 20260119161249.0
008 211028s2014 xx 000 0 und d
040 _cAIMIT LIBRARY
041 _aeng
100 _aTellis, Ajay Prajwal; Mascarenhas S J, Oswald A J.
_g1216002
_97119
245 _aStudy on the attitude of customer towards the after sales service provided by mandovi motors private limited Mangalore /
260 _aMangalore
_bFr Oswald A J Mascarenhas S J.
_c2014
942 _2ddc
_cPRO
999 _c218689
_d218689